[Event "27.Autunno M.Monticelli B"]
[Site "Venezia"]
[Date "2023.10.15"]
[Round "5.17"]
[White "Patron, Cristobal"]
[Black "Destro, Andrea"]
[Result "0-1"]
[WhiteElo "1227"]
[BlackElo "999"]
[Annotator "Ballarin,Gabriele"]
[PlyCount "52"]
[EventDate "2023.10.13"]
[EventType "swiss"]
[EventRounds "5"]
[EventCountry "ITA"]

1. e4 c5 2. Nf3 d6 3. d4 cxd4 4. Nxd4 Nf6 5. Nc3 a6 6. Bc4 e6 7. O-O Be7 8. Re1 O-O 9. Bg5 Qc7 10. Bb3 Nc6 11. a3 b5 12. Nxc6 Qxc6 13. Qf3 Re8 14. Rad1 Bb7 15. h3 Rad8 16. Qd3 h6 17. Bxf6 Bxf6 18. Kh1 Qb6 19. Qe3 Qc5 20. Qxc5 dxc5 21. Rxd8 Rxd8 22. e5 Bh4 23. Re2 c4 24. Ba2 Bg5 25. Nb1 Rd1+ 26. Kh2 Bf4+ 0-1

[Event "27.Autunno M.Monticelli B"]
[Site "Venezia"]
[Date "2023.10.15"]
[Round "5.18"]
[White "Zanon, Dante"]
[Black "Steffinlongo, Anastasia"]
[Result "1-0"]
[WhiteElo "1126"]
[BlackElo "999"]
[Annotator "Ballarin,Gabriele"]
[PlyCount "117"]
[EventDate "2023.10.13"]
[EventType "swiss"]
[EventRounds "5"]
[EventCountry "ITA"]

1. e4 c5 2. c3 d5 3. exd5 Qxd5 4. d4 e6 5. Nf3 Nc6 6. c4 Qd8 7. d5 Nb8 8. Nc3 Nf6 9. Bg5 Be7 10. Bxf6 Bxf6 11. Ne4 Bxb2 12. dxe6 Qxd1+ 13. Rxd1 Bxe6 14. Be2 b6 15. Nd6+ Ke7 16. O-O Nc6 17. Ng5 Nd4 18. Bf3 Nxf3+ 19. Nxf3 f6 20. Rd2 Bc3 21. Rd3 Ba5 22. Nb7 Bxc4 23. Re3+ Be6 24. Nxa5 bxa5 25. Ra3 (25. Rfe1) 25... c4 26. Re1 Kf7 27. Rxa5 Rhc8 28. Nd4 Bd7 29. Rc1 c3 30. Nb3 Bf5 31. Rxf5 Rab8 32. Rc5 Rxc5 33. Nxc5 c2 34. f3 Rb1 35. Nd3 Ke6 36. Kf2 Kd5 37. Rxc2 Ra1 38. Kg3 Kd4 39. Nf4 g5 40. Nh5 f5 41. Ng7 Ke5 42. Rc5+ Kf6 43. Nxf5 Rxa2 44. Nd6 h5 45. Ne4+ Kg6 46. Rxg5+ Kf7 47. Rxh5 a5 48. h4 a4 49. Nc3 Ra1 50. Ra5 a3 51. h5 Kg7 52. Nb5 a2 53. Nc3 Rh1 54. Nxa2 Kh6 55. Kg4 Rh2 56. Kg3 Rh1 57. Ra8 Kh7 58. Kg4 Rh2 59. g3 1-0

[Event "27.Autunno M.Monticelli B"]
[Site "Venezia"]
[Date "2023.10.15"]
[Round "5.19"]
[White "Jaccarino, Giulio"]
[Black "Ghezzo, Sebastiano"]
[Result "1-0"]
[WhiteElo "999"]
[BlackElo "999"]
[Annotator "Ballarin,Gabriele"]
[PlyCount "38"]
[EventDate "2023.10.13"]
[EventType "swiss"]
[EventRounds "5"]
[EventCountry "ITA"]

1. e4 e5 2. d4 exd4 3. Qxd4 Nc6 4. Qe3 Nf6 5. Nc3 Bb4 6. Bd2 d6 7. Bc4 O-O 8. O-O-O Re8 9. f3 Bc5 10. Qe1 Na5 11. Bd3 Be6 12. Nge2 c6 13. Nf4 Qb6 14. Na4 Qd8 15. Bxa5 b6 16. Nxc5 bxa5 17. Ncxe6 fxe6 18. e5 d5 19. exf6 Qxf6 1-0

[Event "27.Autunno M.Monticelli Magistrale"]
[Site "Venezia"]
[Date "2023.10.13"]
[Round "1.1"]
[White "Toniolo, Samuel"]
[Black "Ceres, Dragos"]
[Result "0-1"]
[WhiteElo "2018"]
[BlackElo "2446"]
[Annotator "Ballarin,Gabriele"]
[PlyCount "56"]
[EventDate "2023.10.13"]
[EventType "tourn"]
[EventRounds "5"]
[EventCountry "ITA"]

1. e4 c5 2. Nf3 d6 3. d4 cxd4 4. Qxd4 Nc6 5. Qd3 g6 6. Nc3 Bg7 7. Be2 Nf6 8. Nd5 O-O 9. Bg5 Be6 10. c3 Nd7 11. Qe3 Bg4 12. Nd4 Bxd4 13. cxd4 Bxe2 14. Qxe2 Nb6 15. Qd2 f5 16. Nc3 fxe4 17. Nxe4 Nc4 18. Qc3 d5 19. b3 Na3 20. Ng3 Nb5 21. Qd3 Nbxd4 22. O-O Qd7 23. h4 e5 24. h5 Qg4 25. Bh6 Rf7 26. hxg6 hxg6 27. Qd1 Qh4 28. Be3 Kh7 0-1

[Event "27.Autunno M.Monticelli Magistrale"]
[Site "Venezia"]
[Date "2023.10.13"]
[Round "1.2"]
[White "Bianchi, Andrea"]
[Black "Vincenti, Leonardo"]
[Result "1/2-1/2"]
[WhiteElo "2040"]
[BlackElo "2196"]
[Annotator "Ballarin,Gabriele"]
[PlyCount "120"]
[EventDate "2023.10.13"]
[EventType "tourn"]
[EventRounds "5"]
[EventCountry "ITA"]

1. e4 c5 2. Nf3 d6 3. d4 cxd4 4. Qxd4 Nc6 5. Bb5 Bd7 6. Bxc6 Bxc6 7. Nc3 e6 8. Bg5 Nf6 9. O-O-O Be7 10. Rhe1 Qa5 11. Kb1 O-O-O 12. Qd2 Qa6 13. Nd4 h6 14. Nxc6 Qxc6 15. Be3 b6 16. f3 d5 17. exd5 Nxd5 18. Nxd5 Rxd5 19. Qe2 Rhd8 20. Qa6+ Kb8 21. Rxd5 Qxd5 22. Qe2 Bf6 23. c4 Qf5+ 24. Qc2 Rd3 25. Bf4+ Kb7 26. Re4 Rd8 27. Bc1 g5 28. Re1 Qc5 29. Qh7 Qf5+ 30. Qxf5 exf5 31. Kc2 Kc6 32. b3 h5 33. h3 b5 34. cxb5+ Kxb5 35. Re2 a5 36. Rd2 Bd4 37. Kd1 Kc5 38. Bb2 Rd5 39. Ba3+ Kc6 40. Be7 f6 41. Kc2 Rd7 42. Ba3 Kd5 43. Bb2 Kc5 44. Bxd4+ Rxd4 45. Rxd4 Kxd4 46. a3 f4 47. b4 axb4 48. axb4 Kc4 49. b5 Kxb5 50. Kd3 Kc5 51. Ke4 Kd6 52. Kf5 Ke7 53. h4 gxh4 54. Kg6 Ke6 55. Kxh5 Kd5 56. Kg4 Ke5 57. Kxh4 Kd4 58. Kh5 Ke3 59. Kg4 Kf2 60. Kxf4 Kxg2 1/2-1/2

[Event "27.Autunno M.Monticelli Magistrale"]
[Site "Venezia"]
[Date "2023.10.13"]
[Round "1.3"]
[White "Marson, Roy"]
[Black "Savanovic, Aleksandar"]
[Result "0-1"]
[WhiteElo "1958"]
[BlackElo "2363"]
[Annotator "Ballarin,Gabriele"]
[PlyCount "90"]
[EventDate "2023.10.13"]
[EventType "tourn"]
[EventRounds "5"]
[EventCountry "ITA"]

1. e4 e5 2. Nf3 Nc6 3. Bb5 a6 4. Ba4 Nf6 5. O-O Nxe4 6. d4 b5 7. Bb3 d5 8. dxe5 Be6 9. c3 Bc5 10. Nbd2 O-O 11. Qe2 Bf5 12. Nxe4 dxe4 13. Ng5 Nxe5 14. Nxe4 Bg4 15. Qc2 Bb6 16. Bg5 Qd3 17. Bf4 Rae8 18. Rfe1 Bf5 19. Rad1 Nf3+ 20. gxf3 Qxf3 21. Bd5 Qxf4 22. Qd2 Qg4+ 23. Ng3 Rd8 24. Qe2 Qxe2 25. Nxe2 Rfe8 26. Ng3 Rxe1+ 27. Rxe1 Bg6 28. h4 Kf8 29. Bc6 f6 30. Re2 Be8 31. Be4 g6 32. Kg2 f5 33. Bf3 Bf7 34. b3 h5 35. Nf1 Rd3 36. Rc2 Bc5 37. Be2 Rd8 38. Ne3 Re8 39. Kf3 Be7 40. Kg3 Bd6+ 41. Kg2 f4 42. Nf1 Be7 43. Bf3 Bxh4 44. Nd2 g5 45. Bb7 Re2 0-1

[Event "27.Autunno M.Monticelli Magistrale"]
[Site "Venezia"]
[Date "2023.10.14"]
[Round "2.1"]
[White "Ceres, Dragos"]
[Black "Savanovic, Aleksandar"]
[Result "1/2-1/2"]
[WhiteElo "2446"]
[BlackElo "2363"]
[Annotator "Ballarin,Gabriele"]
[PlyCount "174"]
[EventDate "2023.10.13"]
[EventType "tourn"]
[EventRounds "5"]
[EventCountry "ITA"]

1. e4 e5 2. Nf3 Nc6 3. Bc4 Nf6 4. d3 Bc5 5. c3 d6 6. O-O O-O 7. h3 a6 8. a4 h6 9. Re1 Ba7 10. Nbd2 Be6 11. Bxe6 fxe6 12. b4 Nh5 13. Nf1 Qf6 14. Ra2 Nf4 15. Bxf4 Qxf4 16. Kh1 a5 17. b5 Nb8 18. d4 Nd7 19. N1h2 Kh8 20. Ng4 exd4 21. cxd4 Qf7 22. Rc2 Bb6 23. Rc3 Rad8 24. Qc2 Nf6 25. Ne3 Qe8 26. Nc4 d5 27. Nxb6 dxe4 {=} 28. Nc4 exf3 29. Rxf3 Rxd4 30. Ne5 Kg8 31. Qxc7 Rxa4 32. Qxb7 Nd5 33. Rc1 Kh7 34. Rg3 Qe7 35. Qxe7 Nxe7 36. Rc7 Nf5 37. Rd3 Rb4 38. Rb7 a4 39. b6 Rb3 40. Rdd7 a3 41. Ra7 a2 42. Rxa2 Rxb6 43. Raa7 Rg8 44. Kh2 Rb2 45. Nd3 Rc2 46. g4 Nh4 47. Kg3 Ng6 48. h4 e5 49. h5 Nf4 50. Nxe5 Ne6 51. Re7 Nd4 52. Nd7 Kh8 53. Re4 Nb5 54. Ra5 Rb2 55. Ne5 Kh7 56. Ng6 Rb8 57. Re7 Nd6 58. Rd5 R2b6 59. f3 Kg8 60. Rd7 Nf7 61. Ne7+ Kf8 62. Ng6+ Kg8 63. Ra5 Nd6 64. Raa7 Ne8 65. Ne7+ Kf8 66. Nf5 Rf6 67. Ne7 Rb3 68. Ng6+ Kg8 69. Re7 Rb8 70. Nf4 Kh8 71. Ne6 Rc8 72. Nf8 Rb8 73. Ng6+ Kg8 74. f4 Rb3+ 75. Kh4 Rb8 76. f5 Rfb6 77. Nf4 Rb4 78. Ne6 Kh8 79. Rf7 Nd6 80. Rf8+ Rxf8 81. Nxf8 Nxf5+ 82. Kh3 Rb3+ 83. Kh2 Nd6 84. Ne6 Rb7 85. Ra8+ Kh7 86. Rd8 Nf7 87. Ra8 g5 1/2-1/2

[Event "27.Autunno M.Monticelli Magistrale"]
[Site "Venezia"]
[Date "2023.10.14"]
[Round "2.2"]
[White "Vincenti, Leonardo"]
[Black "Marson, Roy"]
[Result "0-1"]
[WhiteElo "2196"]
[BlackElo "1958"]
[Annotator "Ballarin,Gabriele"]
[PlyCount "74"]
[EventDate "2023.10.13"]
[EventType "tourn"]
[EventRounds "5"]
[EventCountry "ITA"]

1. e4 e5 2. Nf3 Nc6 3. Nc3 Nf6 4. Bb5 Bb4 5. O-O O-O 6. d3 Bxc3 7. bxc3 d6 8. Re1 Ne7 9. d4 Ng6 10. Ba3 a6 11. Bc4 Re8 12. Ng5 Re7 13. h4 h6 14. Nxf7 Rxf7 15. h5 Nf4 16. dxe5 N6xh5 17. Bxf7+ Kxf7 18. exd6 Qg5 19. Qf3 Bg4 20. Qe3 Be2 21. g3 Qg4 22. Rxe2 Nxe2+ 23. Kf1 Nexg3+ 24. fxg3 Nxg3+ 25. Ke1 cxd6 26. Kd2 Nxe4+ 27. Kd3 Re8 28. Rf1+ Kg8 29. Qf4 Nc5+ 30. Bxc5 Qe2+ 31. Kd4 dxc5+ 32. Kxc5 Qb5+ 33. Kd4 Qd7+ 34. Kc4 Rc8+ 35. Kb3 Qb5+ 36. Qb4 Qxf1 37. Qc4+ Qxc4+ 0-1

[Event "27.Autunno M.Monticelli Magistrale"]
[Site "Venezia"]
[Date "2023.10.14"]
[Round "2.3"]
[White "Toniolo, Samuel"]
[Black "Bianchi, Andrea"]
[Result "0-1"]
[WhiteElo "2018"]
[BlackElo "2040"]
[Annotator "Ballarin,Gabriele"]
[PlyCount "104"]
[EventDate "2023.10.13"]
[EventType "tourn"]
[EventRounds "5"]
[EventCountry "ITA"]

1. e4 d6 2. d4 Nf6 3. Nc3 e5 4. Nge2 Nbd7 5. g3 c6 6. a4 a5 7. Bg2 Be7 8. O-O O-O 9. h3 Re8 10. Be3 Bf8 11. g4 h6 12. Qd2 exd4 13. Qxd4 Qc7 14. Qd2 Rb8 15. Ba7 Ra8 16. Be3 Rb8 17. Ng3 b5 18. axb5 cxb5 19. Nf5 b4 20. Nd5 Nxd5 21. exd5 Ne5 22. b3 Bxf5 23. gxf5 Be7 24. Be4 Bf6 25. Bd4 Nd7 26. f3 Rbc8 27. Rf2 Bxd4 28. Qxd4 Qc5 29. Qd2 Nf6 30. Qf4 Re5 31. Qh4 Rce8 32. Re1 Rxf5 33. Bxf5 Rxe1+ 34. Kh2 Qxd5 35. Rg2 Qd1 36. Qf2 Rh1+ 37. Kg3 Qe1 38. Qxe1 Rxe1 39. Rd2 d5 40. Kf2 Re7 41. Rd1 Kf8 42. Ra1 Ra7 43. Ke3 Ke7 44. Kd4 Kd6 45. Rg1 Nh5 46. h4 Rc7 47. Re1 g6 48. Bd3 Ra7 49. Re5 Nf4 50. Re8 Ne6+ 51. Ke3 Re7 52. Ra8 Nc7+ 0-1

[Event "27.Autunno M.Monticelli Magistrale"]
[Site "Venezia"]
[Date "2023.10.14"]
[Round "3.1"]
[White "Bianchi, Andrea"]
[Black "Ceres, Dragos"]
[Result "0-1"]
[WhiteElo "2040"]
[BlackElo "2446"]
[Annotator "Ballarin,Gabriele"]
[PlyCount "94"]
[EventDate "2023.10.13"]
[EventType "tourn"]
[EventRounds "5"]
[EventCountry "ITA"]

1. e4 c5 2. Nf3 d6 3. d4 cxd4 4. Qxd4 Nc6 5. Bb5 Bd7 6. Bxc6 Bxc6 7. Nc3 Nf6 8. Bg5 e6 9. O-O-O Be7 10. Rhe1 O-O 11. Qd2 a6 12. Nd4 Rc8 13. f4 h6 14. Bh4 b5 15. Nxc6 Rxc6 16. Qd3 Qa5 17. e5 dxe5 18. fxe5 Nd5 19. Bxe7 Nxe7 20. Re4 Re8 21. Rd4 Ng6 22. Rd8 Rxd8 23. Qxd8+ Qxd8 24. Rxd8+ Kh7 25. Rd4 Nxe5 26. a4 bxa4 27. Nxa4 Nc4 28. Rd3 e5 29. b3 Nd6 30. Rc3 Rxc3 31. Nxc3 Kg6 32. Kd2 Kf5 33. Ke3 Ke6 34. g4 g6 35. Na4 Kd5 36. c4+ Kc6 37. Nc3 a5 38. h3 f5 39. Nd5 Kc5 40. Ne7 f4+ 41. Kf3 g5 42. Nf5 e4+ 43. Ke2 Nxc4 44. bxc4 a4 45. Kd2 a3 46. Kc3 a2 47. Kb2 e3 0-1

[Event "27.Autunno M.Monticelli Magistrale"]
[Site "Venezia"]
[Date "2023.10.14"]
[Round "3.2"]
[White "Marson, Roy"]
[Black "Toniolo, Samuel"]
[Result "1/2-1/2"]
[WhiteElo "1958"]
[BlackElo "2018"]
[Annotator "Ballarin,Gabriele"]
[PlyCount "40"]
[EventDate "2023.10.13"]
[EventType "tourn"]
[EventRounds "5"]
[EventCountry "ITA"]

1. e4 c5 2. Nf3 d6 3. d4 cxd4 4. Nxd4 Nf6 5. Nc3 a6 6. f3 e5 7. Nb3 Be7 8. Be3 Be6 9. Qd2 O-O 10. O-O-O Nbd7 11. g4 b5 12. g5 b4 13. Ne2 Ne8 14. f4 a5 15. f5 a4 16. fxe6 axb3 17. exf7+ Rxf7 18. cxb3 Rxa2 19. Ng3 Rxf1 20. Rhxf1 Ra1+ {=} 1/2-1/2

[Event "27.Autunno M.Monticelli Magistrale"]
[Site "Venezia"]
[Date "2023.10.14"]
[Round "3.3"]
[White "Savanovic, Aleksandar"]
[Black "Vincenti, Leonardo"]
[Result "1-0"]
[WhiteElo "2363"]
[BlackElo "2196"]
[Annotator "Ballarin,Gabriele"]
[PlyCount "53"]
[EventDate "2023.10.13"]
[EventType "tourn"]
[EventRounds "5"]
[EventCountry "ITA"]

1. e4 c5 2. Nf3 d6 3. d4 cxd4 4. Nxd4 Nf6 5. Nc3 a6 6. Be2 e5 7. Nb3 Be7 8. O-O O-O 9. Be3 Be6 10. Qd2 Nbd7 11. a4 Rc8 12. a5 Qc7 13. Rfc1 Qc6 14. Bf3 Rfd8 15. Nd5 Bxd5 16. exd5 Qc4 17. Qd3 Qh4 18. Qd1 e4 19. Be2 Ne5 20. h3 Nfd7 21. Ra4 Nc5 22. Nxc5 dxc5 23. f4 Qg3 24. Rxe4 Nc6 25. Bg4 Rxd5 26. Qxd5 Qxe3+ 27. Rxe3 1-0

[Event "27.Autunno M.Monticelli Magistrale"]
[Site "Venezia"]
[Date "2023.10.15"]
[Round "4.1"]
[White "Ceres, Dragos"]
[Black "Vincenti, Leonardo"]
[Result "1-0"]
[WhiteElo "2446"]
[BlackElo "2196"]
[Annotator "Ballarin,Gabriele"]
[PlyCount "120"]
[EventDate "2023.10.13"]
[EventType "tourn"]
[EventRounds "5"]
[EventCountry "ITA"]

1. e4 c5 2. Nf3 d6 3. d4 cxd4 4. Nxd4 Nf6 5. Nc3 a6 6. Bd3 e5 7. Nde2 Be7 8. O-O Nbd7 9. Ng3 Nc5 10. Bg5 Be6 11. Nf5 Bxf5 12. exf5 O-O 13. Bxf6 Bxf6 14. Qf3 Re8 15. Be4 Qb6 16. Rab1 Nxe4 17. Qxe4 Qc6 18. Nd5 Rac8 19. c3 Qc4 20. Qxc4 Rxc4 21. Rfd1 Bg5 22. g3 g6 23. h4 Bd8 24. Rd2 Rc6 25. fxg6 hxg6 26. Rbd1 Re6 27. Kg2 f5 28. Kf3 Kg7 29. Rh1 a5 30. a3 e4+ 31. Ke2 Re5 32. Rhd1 g5 33. hxg5 Bxg5 34. Rd4 Re6 35. Rh1 Rh6 36. Rhd1 Kf7 {=} 37. Ra4 Bd8 38. Ne3 Ke6 39. g4 fxg4 40. Rxe4+ Kd7 41. Nxg4 Re6 42. Ne5+ Kc7 43. Nxc6 Rxe4+ 44. Kf3 Re8 45. Nxa5 Bh4 46. Rd2 Bg5 47. Re2 Rf8+ 48. Kg4 Rg8 49. Kf3 d5 50. Nb3 Rg6 51. Nd4 Bc1 52. Rc2 Bh6 53. Nf5 Bf8 54. Rd2 Kc6 55. Re2 Rg1 56. Re8 Bc5 57. Rc8+ Kb5 58. a4+ Kb6 59. b4 Bxb4 60. cxb4 Rb1 1-0

[Event "27.Autunno M.Monticelli Magistrale"]
[Site "Venezia"]
[Date "2023.10.15"]
[Round "4.2"]
[White "Toniolo, Samuel"]
[Black "Savanovic, Aleksandar"]
[Result "0-1"]
[WhiteElo "2018"]
[BlackElo "2363"]
[Annotator "Ballarin,Gabriele"]
[PlyCount "98"]
[EventDate "2023.10.13"]
[EventType "tourn"]
[EventRounds "5"]
[EventCountry "ITA"]

1. e4 e5 2. Nf3 Nc6 3. Nc3 Nf6 4. Bb5 Bb4 5. O-O O-O 6. d3 d6 7. Bg5 Bxc3 8. bxc3 Qe7 9. Re1 Nd8 10. d4 Bg4 11. h3 Bh5 12. g4 Bg6 13. Nh4 h6 14. Nf5 Bxf5 15. Bxf6 Qxf6 16. gxf5 Nc6 17. Bxc6 bxc6 18. Rb1 Rab8 19. Qd3 Rb6 20. Rb3 Re8 21. Kh2 d5 22. f3 Rd8 23. Rd1 Qh4 24. Qe3 Re8 25. exd5 cxd5 26. dxe5 Rxe5 27. Qxe5 Qf2+ 28. Kh1 Qxf3+ 29. Kh2 Qf2+ 30. Kh1 Qf3+ 31. Kh2 Qxd1 32. Qe8+ Kh7 33. Rxb6 Qxc2+ 34. Kg1 axb6 35. Qxf7 Qc1+ 36. Kf2 Qf4+ 37. Ke2 Qd6 38. h4 c5 39. h5 Qf6 40. Qxd5 Qxc3 41. Qe6 Qf6 42. Qd5 Qe7+ 43. Kd3 b5 44. Kc2 Qe2+ 45. Kc1 Qxh5 46. Qxc5 Qe2 47. Qd5 h5 48. Qh1 Qe3+ 49. Kb2 Qe5+ 0-1

[Event "27.Autunno M.Monticelli Magistrale"]
[Site "Venezia"]
[Date "2023.10.15"]
[Round "4.3"]
[White "Bianchi, Andrea"]
[Black "Marson, Roy"]
[Result "1-0"]
[WhiteElo "2040"]
[BlackElo "1958"]
[Annotator "Ballarin,Gabriele"]
[PlyCount "99"]
[EventDate "2023.10.13"]
[EventType "tourn"]
[EventRounds "5"]
[EventCountry "ITA"]

1. e4 e5 2. Nf3 Nc6 3. Bc4 Bc5 4. c3 Nf6 5. d3 d6 6. O-O h6 7. a4 a6 8. Na3 Bg4 9. Nc2 O-O 10. Be3 Bxe3 11. Nxe3 Bh5 12. Nf5 Ne7 13. Ng3 Bg6 14. Nh4 d5 15. exd5 Nfxd5 16. Re1 Nb6 17. Rxe5 Nxc4 18. dxc4 Nc6 19. Nxg6 Nxe5 20. Nxe5 Qxd1+ 21. Rxd1 Rad8 22. Rd4 Rfe8 23. f4 f6 24. Nf3 Kf7 25. Kf2 g6 26. f5 g5 27. h3 b6 28. Nf1 c6 29. g4 Kg7 30. Rxd8 Rxd8 31. Nd4 Rd6 32. c5 bxc5 33. Ne6+ Kf7 34. Nxc5 Rd5 35. b4 a5 36. Ne3 Rd2+ 37. Ke1 Rb2 38. bxa5 Ke7 39. a6 Rb8 40. Nc4 Kd8 41. Nb6 Kc7 42. a5 Re8+ 43. Kf2 Kb8 44. Nbd7+ Ka7 45. Nxf6 Re5 46. Nfd7 Re7 47. f6 Rf7 48. Ke3 h5 49. Ke4 hxg4 50. hxg4 1-0

[Event "27.Autunno M.Monticelli Magistrale"]
[Site "Venezia"]
[Date "2023.10.15"]
[Round "5.1"]
[White "Marson, Roy"]
[Black "Ceres, Dragos"]
[Result "0-1"]
[WhiteElo "1958"]
[BlackElo "2446"]
[Annotator "Ballarin,Gabriele"]
[PlyCount "82"]
[EventDate "2023.10.13"]
[EventType "tourn"]
[EventRounds "5"]
[EventCountry "ITA"]

1. e4 c5 2. Nf3 d6 3. d4 cxd4 4. Nxd4 Nf6 5. Nc3 a6 6. f3 e5 7. Nb3 Be7 8. Be3 Be6 9. Qd2 h5 10. Nd5 Bxd5 11. exd5 Nbd7 12. Na5 Qc7 13. c4 e4 14. Rc1 Ne5 15. Be2 h4 16. f4 Neg4 17. b4 Nxe3 18. Qxe3 Bd8 19. Nb3 a5 20. Nxa5 Rxa5 21. bxa5 Qxa5+ 22. Qd2 Qc5 23. Qb2 Ba5+ 24. Kd1 O-O 25. Rc2 Bb4 26. Qb3 Qd4+ 27. Kc1 Qa1+ 28. Qb1 Ba3+ 29. Kd2 Bb4+ 30. Kc1 Ba3+ 31. Kd2 Qd4+ 32. Ke1 Bc5 33. Rf1 Nxd5 34. Rd2 Bb4 35. Qxb4 Nxb4 36. Rxd4 Nc2+ 37. Kd2 Nxd4 38. Bg4 f5 39. Bd1 Ra8 40. Ke3 Ra3+ 41. Kd2 e3+ 0-1

[Event "27.Autunno M.Monticelli Magistrale"]
[Site "Venezia"]
[Date "2023.10.15"]
[Round "5.2"]
[White "Savanovic, Aleksandar"]
[Black "Bianchi, Andrea"]
[Result "0-1"]
[WhiteElo "2363"]
[BlackElo "2040"]
[Annotator "Bianchi Andrea"]
[PlyCount "92"]
[EventDate "2023.10.13"]
[EventType "tourn"]
[EventRounds "5"]
[EventCountry "ITA"]

1. e4 d6 2. d4 Nf6 3. Nc3 e5 4. Nf3 Nbd7 5. Bc4 Be7 6. O-O O-O 7. Re1 c6 8. a4 b6 9. d5 cxd5 10. Nxd5 Nxd5 11. Qxd5 Rb8 12. Be3 Nf6 13. Qd3 h6 14. Rad1 Bb7 15. Bc1 Qc7 16. Nh4 Rfd8 17. Nf5 Bf8 18. Bd5 Nxd5 19. exd5 Bc8 20. b3 Bxf5 21. Qxf5 g6 22. Qd3 f5 23. c4 Bg7 24. f3 Re8 25. Re2 Re7 26. Rde1 Rbe8 27. Kf1 Qd7 28. Kg1 Kh7 29. h3 Bf6 30. Kh2 Bh4 31. g3 Bf6 32. Kg2 Bg7 33. Qd2 Rf7 34. Ba3 h5 35. a5 $6 (35. Qb4 Rd8) 35... Bf8 $6 (35... Qd8) 36. f4 e4 37. h4 Qb7 38. Qb4 $6 (38. Rb1) 38... bxa5 39. Qa4 Rb8 40. Rb1 Qc7 41. Ra2 Qb6 42. b4 Qd4 43. b5 e3 44. Re1 $6 (44. Rc1 Rc8 45. Kh2 Kg8 46. Qb3 Rfc7 47. Rac2 a4 48. Qxa4 g5 49. hxg5 h4 50. Qb3 Rh7) 44... Rc8 45. Rae2 Rxc4 46. Qxa5 $2 (46. Qd1 Qe4+) 46... Ra4 0-1

[Event "27.Autunno M.Monticelli Magistrale"]
[Site "Venezia"]
[Date "2023.10.15"]
[Round "5.3"]
[White "Vincenti, Leonardo"]
[Black "Toniolo, Samuel"]
[Result "0-1"]
[WhiteElo "2196"]
[BlackElo "2018"]
[Annotator "Ballarin,Gabriele"]
[PlyCount "111"]
[EventDate "2023.10.13"]
[EventType "tourn"]
[EventRounds "5"]
[EventCountry "ITA"]

1. e4 c5 2. Nf3 d6 3. c3 Nf6 4. h3 g6 5. Bd3 Bg7 6. Bc2 O-O 7. O-O e5 8. d4 Qc7 9. Be3 Re8 10. Nbd2 Nbd7 11. Re1 b6 12. a4 Bb7 13. d5 h6 14. Qe2 Nf8 15. Rec1 g5 16. b4 Ng6 17. bxc5 bxc5 18. Rcb1 Bc8 19. Qb5 Bd7 20. Qb7 Qxb7 21. Rxb7 Reb8 22. Rab1 Rxb7 23. Rxb7 Bc8 24. Rb1 Nf4 25. Kf1 Ba6+ 26. c4 Nd7 27. a5 Rb8 28. Rxb8+ Nxb8 29. h4 g4 30. Ng1 h5 31. g3 Ng6 32. Ke2 Bf6 33. Kd3 Bd8 34. Nb3 Bc8 35. Kc3 Na6 36. Ne2 Nb4 37. Bb1 Bd7 38. Bxc5 dxc5 39. Nxc5 Bxa5 40. Nxd7 Nxd5+ 41. Kb3 Nc7 42. Nc3 Ne6 43. c5 Ngf8 44. Nxe5 Nxc5+ 45. Kc4 Nfe6 46. Nd5 Kg7 47. Nb4 Bb6 48. Nd5 {=} Ba5 49. Nb4 Nb7 50. Nbd3 Nd6+ 51. Kd5 Nb5 52. Bc2 Nc3+ 53. Kc6 Nd4+ 54. Kb7 Nxc2 55. Kxa7 Nxe4 56. Nf4 0-1

[Event "Open A"]
[Site "Cortina d'Ampezzo"]
[Date "2005.07.10"]
[Round "1.1"]
[White "Popa, Claudio"]
[Black "Godena, Michele"]
[Result "0-1"]
[WhiteElo "2183"]
[BlackElo "2522"]
[PlyCount "126"]
[EventDate "2005.07.10"]
[EventType "swiss"]
[EventRounds "9"]
[EventCountry "ITA"]

1. e4 e5 2. Nf3 Nc6 3. d4 exd4 4. Nxd4 Bb4+ 5. c3 Bc5 6. Be3 Bb6 7. Bc4 Ne5 8. Be2 d6 9. O-O Nf6 10. f3 O-O 11. c4 c6 12. Nc3 d5 13. cxd5 cxd5 14. exd5 Nxd5 15. Nxd5 Qxd5 16. Bf2 Rd8 17. Nb3 Qc6 18. Qc1 Be6 19. Qxc6 Nxc6 20. Rfd1 Bxf2+ 21. Kxf2 b6 22. Nd2 Nd4 23. Bc4 Rac8 24. Bxe6 Nxe6 25. Ke3 Rc2 26. b3 Rc3+ 27. Kf2 Rcd3 28. Ke1 Nf4 29. Nf1 Nxg2+ 30. Ke2 Nf4+ 31. Ke1 Ng2+ 32. Ke2 Nf4+ 33. Ke1 g5 34. Rxd3 Nxd3+ 35. Ke2 Nf4+ 36. Kf2 Rc8 37. Ne3 Nd3+ 38. Kg3 Rc1 39. Rxc1 Nxc1 40. Kg4 Nxa2 41. Kxg5 Nc1 42. b4 a5 43. b5 Ne2 44. Nc2 Ng1 45. Kf4 Kf8 46. Ke3 Ke7 47. f4 Kd6 48. Kf2 Nh3+ 49. Kg3 Ng1 50. Kf2 Nh3+ 51. Kg3 Nxf4 52. Kxf4 Kc5 53. h4 Kxb5 54. h5 Kc4 55. Kg5 b5 56. Kh6 b4 57. Kxh7 b3 58. Na3+ Kb4 59. Nb1 a4 60. Kg8 a3 61. Nxa3 Kxa3 62. h6 b2 63. Kxf7 b1=Q 0-1

[Event "Open A"]
[Site "Cortina d'Ampezzo"]
[Date "2005.07.10"]
[Round "1.2"]
[White "Drazic, Sinisa"]
[Black "Ventura, Sergio"]
[Result "1-0"]
[WhiteElo "2497"]
[BlackElo "2153"]
[PlyCount "61"]
[EventDate "2005.07.10"]
[EventType "swiss"]
[EventRounds "9"]
[EventCountry "ITA"]

1. e4 d6 2. d4 Nf6 3. Nc3 c6 4. Nf3 Bg4 5. h3 Bh5 6. g4 Bg6 7. Qe2 e6 8. h4 d5 9. exd5 cxd5 10. Ne5 Qb6 11. h5 Be4 12. f3 Qxd4 13. Qb5+ Nfd7 14. Nxd7 Nxd7 15. fxe4 Rc8 16. Rh3 Qg1 17. Qxb7 Rb8 18. Qc7 d4 19. Be3 Qxg4 20. Bxd4 Bb4 21. Qg3 Qxe4+ 22. Qe3 Qxc2 23. Qe2 Qf5 24. h6 Qf4 25. Bxg7 Rg8 26. Rf3 Qh4+ 27. Qf2 Qe4+ 28. Re3 Qc6 29. Bg2 Qa6 30. Qe2 Qb6 31. O-O-O 1-0

[Event "Open A"]
[Site "Cortina d'Ampezzo"]
[Date "2005.07.12"]
[Round "3.15"]
[White "Maneschi, Giuseppe"]
[Black "Scerbo, Antonio"]
[Result "1/2-1/2"]
[WhiteElo "2086"]
[BlackElo "2113"]
[PlyCount "68"]
[EventDate "2005.07.10"]
[EventType "swiss"]
[EventRounds "9"]
[EventCountry "ITA"]

1. d4 Nf6 2. Nf3 g6 3. Nbd2 Bg7 4. e4 d6 5. Bd3 O-O 6. O-O Nbd7 7. c3 c6 8. Re1 e5 9. dxe5 Nxe5 10. Nxe5 dxe5 11. Qc2 Qc7 12. a4 Be6 13. Bf1 Rad8 14. Nc4 Rd7 15. b4 Nh5 16. a5 f5 17. Be3 Nf6 18. Bxa7 Nxe4 19. Bb6 Qb8 20. f3 Ng5 21. Rad1 Bd5 22. Bc5 Re8 23. Nb6 Rdd8 24. Nxd5 cxd5 25. Qa2 Kh8 26. Rxd5 Rxd5 27. Qxd5 Rd8 28. Qc4 e4 29. fxe4 Nxe4 30. Bd4 Bxd4+ 31. cxd4 Qf4 32. Qe2 Rxd4 33. Qb2 Qd2 34. Qxd2 Rxd2 1/2-1/2

[Event "Open A"]
[Site "Cortina d'Ampezzo"]
[Date "2005.07.13"]
[Round "5.16"]
[White "Maneschi, Giuseppe"]
[Black "Estremera Panos, Sergio"]
[Result "0-1"]
[WhiteElo "2086"]
[BlackElo "2367"]
[PlyCount "84"]
[EventDate "2005.07.10"]
[EventType "swiss"]
[EventRounds "9"]
[EventCountry "ITA"]

1. d4 Nf6 2. Nf3 c5 3. e3 e6 4. Bd3 b6 5. Qe2 Bb7 6. Nbd2 Nc6 7. c3 Be7 8. O-O O-O 9. Re1 Qc7 10. a3 d5 11. dxc5 bxc5 12. b4 Ne5 13. Nxe5 Qxe5 14. Nf3 Qc7 15. Bb2 e5 16. Bc2 e4 17. Nd2 c4 18. f4 exf3 19. Nxf3 Ng4 20. h3 Ne5 21. Nd4 g6 22. e4 dxe4 23. Bxe4 Bxe4 24. Qxe4 Bf6 25. Rf1 Bg7 26. Bc1 Nd3 27. Bf4 Qb6 28. Be3 Rae8 29. Qf3 Qc7 30. a4 Qd7 31. Kh1 f5 32. b5 Re4 33. Nc6 Bxc3 34. Bxa7 Bxa1 35. Rxa1 Ne5 36. Nxe5 Qxa7 37. Qc3 Qg7 38. Re1 Rxe1+ 39. Qxe1 Re8 40. Qc3 Qxe5 41. Qxc4+ Kg7 42. a5 f4 0-1